Explosion of heterogeneous water droplet in a high-temperature gaseous region; IOP Conference Series: Earth and Environmental Science; Vol. 27 : Problems of Geology and Subsurface Development
| Источник: | IOP Conference Series: Earth and Environmental Science Vol. 27 : Problems of Geology and Subsurface Development.— 2015.— [012064, 6 p.] |
|---|---|
| Главный автор: | |
| Корпоративные авторы: | , |
| Другие авторы: | |
| Примечания: | Title screen Using high-speed video recording tools (up to 10{5} frames per second) and "TEMA Automotive" and "Phantom Camera Control" software packages the experimental features of explosive disintegration, boiling and evaporation of water droplets with comparably sized solid inclusions heated in high-temperature (more than 650 K) gaseous region were determined. The necessary and sufficient conditions of explosive vapor formation achievement with the next heterogeneous water droplet disintegration were found. Режим доступа: по договору с организацией-держателем ресурса |
| Язык: | английский |
| Опубликовано: |
2015
|
| Серии: | Energy Efficiency and Automation Systems for Oil and Gas Facilities |
| Предметы: | |
| Online-ссылка: | http://dx.doi.org/10.1088/1755-1315/27/1/012064 http://earchive.tpu.ru/handle/11683/19965 |
| Формат: | Электронный ресурс Статья |
| Запись в KOHA: | https://koha.lib.tpu.ru/cgi-bin/koha/opac-detail.pl?biblionumber=645153 |
MARC
| LEADER | 00000nla2a2200000 4500 | ||
|---|---|---|---|
| 001 | 645153 | ||
| 005 | 20240130155631.0 | ||
| 035 | |a (RuTPU)RU\TPU\network\10237 | ||
| 035 | |a RU\TPU\network\10236 | ||
| 090 | |a 645153 | ||
| 100 | |a 20151211a2015 k y0engy50 ba | ||
| 101 | 0 | |a eng | |
| 105 | |a y z 100zy | ||
| 135 | |a drcn ---uucaa | ||
| 181 | 0 | |a i | |
| 182 | 0 | |a b | |
| 200 | 1 | |a Explosion of heterogeneous water droplet in a high-temperature gaseous region |f M. V. Piskunov, A. A. Shcherbinina | |
| 203 | |a Text |c electronic | ||
| 225 | 1 | |a Energy Efficiency and Automation Systems for Oil and Gas Facilities | |
| 300 | |a Title screen | ||
| 320 | |a [References: 11 tit.] | ||
| 330 | |a Using high-speed video recording tools (up to 10{5} frames per second) and "TEMA Automotive" and "Phantom Camera Control" software packages the experimental features of explosive disintegration, boiling and evaporation of water droplets with comparably sized solid inclusions heated in high-temperature (more than 650 K) gaseous region were determined. The necessary and sufficient conditions of explosive vapor formation achievement with the next heterogeneous water droplet disintegration were found. | ||
| 333 | |a Режим доступа: по договору с организацией-держателем ресурса | ||
| 461 | 0 | |0 (RuTPU)RU\TPU\network\2499 |t IOP Conference Series: Earth and Environmental Science | |
| 463 | 0 | |0 (RuTPU)RU\TPU\network\10088 |t Vol. 27 : Problems of Geology and Subsurface Development |o XIX International Scientific Symposium in honor of Academician M. A. Usov, 6–10 April 2015, Tomsk, Russia |v [012064, 6 p.] |d 2015 | |
| 610 | 1 | |a электронный ресурс | |
| 610 | 1 | |a труды учёных ТПУ | |
| 610 | 1 | |a взрыв | |
| 610 | 1 | |a капли | |
| 610 | 1 | |a воды | |
| 610 | 1 | |a высокотемпературные газы | |
| 610 | 1 | |a высокотемпературные области | |
| 610 | 1 | |a твердые включения | |
| 610 | 1 | |a жидкие капли | |
| 700 | 1 | |a Piskunov |b M. V. |c specialist in the field of thermal engineering |c engineer of Tomsk Polytechnic University |f 1991- |g Maksim Vladimirovich |3 (RuTPU)RU\TPU\pers\34151 |9 17691 | |
| 701 | 1 | |a Shcherbinina |b A. A. |c specialist in the field of power engineering |c engineer of Tomsk Polytechnic University |f 1991- |g Anastasiya Anatolievna |3 (RuTPU)RU\TPU\pers\35114 | |
| 712 | 0 | 2 | |a Национальный исследовательский Томский политехнический университет (ТПУ) |b Энергетический институт (ЭНИН) |b Кафедра автоматизации теплоэнергетических процессов (АТП) |3 (RuTPU)RU\TPU\col\18678 |
| 712 | 0 | 2 | |a Национальный исследовательский Томский политехнический университет (ТПУ) |b Энергетический институт (ЭНИН) |b Лаборатория моделирования процессов тепломассопереноса (ЛМПТ) |3 (RuTPU)RU\TPU\col\19906 |
| 801 | 2 | |a RU |b 63413507 |c 20161121 |g RCR | |
| 856 | 4 | |u http://dx.doi.org/10.1088/1755-1315/27/1/012064 | |
| 856 | 4 | |u http://earchive.tpu.ru/handle/11683/19965 | |
| 942 | |c CF | ||